000 00534nam a2200205Ia 4500
005 20230811110710.0
008 131103s9999 xx 000 0 und d
040 _aLoreto College
041 _aEnglish
082 _a920
_bSOM
100 _aSomerville,E.E.
245 4 _aThe Irish R.M.and His Experiences
_cE.E.Somerville and Martin Ross
260 _aLondon
_bFaber & Gwyer
_c[1928]
300 _ax,603 p.
650 _aSomerutlle,E.E.
651 _aAutobiography
700 _aRoss,Martin
850 _aLCLIB
942 _cBK
999 _c12258
_d62737